[Event "II Weekend Hotel West End"]
[Site "Alassio ITA"]
[Date "2016.10.02"]
[Round "4"]
[White "Pino, Gianfranco"]
[Black "Benenati, Gianfranco"]
[WhiteElo "1853"]
[BlackElo "1810"]
[Result "0-1"]
[PlyCount "176"]
[EventDate "2016.09.30"]

1. d4 Nf6 2. c4 e6 3. g3 d5 4. Bg2 c6 5. Nf3 Be7 6. O-O O-O 7. b3 Nbd7 8. Bb2
Ne4 9. Nbd2 Ndf6 10. Qc2 b6 11. Rfd1 Bb7 12. Ne5 Nxd2 13. Rxd2 Rc8 14. Rad1 Nd7
15. Nxd7 Qxd7 16. e4 Bb4 17. Re2 Rfe8 18. e5 Bf8 19. Qd3 Red8 20. Bc1 Be7 21.
Be3 Qe8 22. Qb1 Ba6 23. Rc2 f5 24. cxd5 cxd5 25. Bf1 Bxf1 26. Rxc8 Rxc8 27.
Rxf1 Ba3 28. Bc1 Qe7 29. Kg2 Bb4 30. Bb2 h6 31. Rc1 Rf8 32. Qc2 f4 33. Qc7 f3+
34. Kf1 Qg5 35. a3 Be7 36. Rc2 Bd8 37. Qc6 Qf5 38. Bc1 Kh7 39. Be3 Qd3+ 40. Ke1
Qxb3 41. Qc3 Qb1+ 42. Rc1 Qb5 43. Rc2 Qe8 44. h4 a5 45. Qc6 Qg6 46. Kd2 Qf5 47.
Qc3 Be7 48. Rb2 Bd8 49. Qd3 Qxd3+ 50. Kxd3 Kg6 51. Rc2 Kf5 52. a4 g5 53. hxg5
hxg5 54. Rc6 g4 55. Rd6 Re8 56. Bf4 Kg6 57. Rc6 Kf7 58. Be3 Rg8 59. Bf4 Ke7 60.
Bc1 Kf7 61. Bf4 Re8 62. Be3 Re7 63. Rc8 Rd7 64. Bf4 Kg6 65. Rc6 Kf5 66. Be3 Rb7
67. Rc8 Be7 68. Ra8 Bb4 69. Rg8 Be7 70. Re8 Kg6 71. Rg8+ Kf7 72. Ra8 Bb4 73.
Rh8 Kg7 74. Re8 Rc7 75. Bd2 Bxd2 76. Kxd2 Rc4 77. Rxe6 Rxd4+ 78. Kc3 Rxa4 79.
Rxb6 Ra2 80. Rb5 Rxf2 81. Rxa5 Rg2 82. Kd3 Rxg3 83. Ke3 Rg2 84. Ra1 Re2+ 85.
Kf4 f2 86. Rf1 d4 87. Kxg4 d3 88. Kf3 Rxe5 0-1

[Event "II Weekend Hotel West End"]
[Site "Alassio ITA"]
[Date "2016.10.02"]
[Round "4"]
[White "Pivari, Flavio"]
[Black "Coqueraut, Lodewyk"]
[WhiteElo "1526"]
[BlackElo "1650"]
[Result "0-1"]
[PlyCount "112"]
[EventDate "2016.09.30"]

1. e4 c5 2. Nf3 d6 3. d4 cxd4 4. Nxd4 Nf6 5. Nc3 a6 6. Bg5 e6 7. f4 Be7 8. Qf3
Qc7 9. O-O-O Nbd7 10. g4 b5 11. Bd3 Bb7 12. Rhe1 Nc5 13. f5 h6 14. Bh4 Nxd3+
15. Qxd3 b4 16. Nd5 Nxd5 17. Bxe7 Nxe7 18. fxe6 f6 19. Nf5 Nxf5 20. exf5 Ke7
21. Qh3 Rac8 22. Rd2 h5 23. g5 Qc4 24. gxf6+ gxf6 25. Qg3 d5 26. Qg7+ Kd6 27.
Qxb7 Qxa2 28. Qd7+ Kc5 29. Qe7+ Kc6 30. Qd7+ Kb6 31. Qd6+ Ka7 32. Rxd5 Qa1+ 33.
Kd2 Qxb2 34. Qd7+ Ka8 35. Qa4 Qc3+ 36. Kd1 Qf3+ 37. Kc1 Qxd5 38. Qxa6+ Kb8 39.
Rd1 Qc5 40. Qa4 Rc7 41. Rd7 Rhc8 42. Rxc7 Rxc7 43. Qe8+ Kb7 44. Qa4 Qe3+ 45.
Kb1 Qe1+ 46. Ka2 Qe4 47. Qb5+ Ka7 48. Qa5+ Kb8 49. Qb5+ Qb7 50. Qd3 Qa7+ 51.
Kb1 Qc5 52. Qd8+ Kb7 53. Qd3 Kb6 54. Qe4 b3 55. cxb3 Qc1+ 56. Ka2 Ra7+ 0-1

[Event "II Weekend Hotel West End"]
[Site "Alassio ITA"]
[Date "2016.10.02"]
[Round "4"]
[White "Roversi, Stefano"]
[Black "Altieri, Danilo Mario"]
[WhiteElo "1762"]
[BlackElo "1977"]
[Result "1-0"]
[PlyCount "125"]
[EventDate "2016.09.30"]

1. e4 d6 2. d4 Nf6 3. Nc3 e5 4. dxe5 dxe5 5. Qxd8+ Kxd8 6. Nf3 Bd6 7. Bc4 Be6
8. Bxe6 fxe6 9. Bg5 a6 10. O-O-O Nbd7 11. Rd2 Ke7 12. Rhd1 h6 13. Bh4 b5 14. a3
Rhb8 15. Bg3 a5 16. Re2 b4 17. axb4 axb4 18. Nb1 Nh5 19. Nh4 g5 20. Nf3 Nxg3
21. hxg3 Nb6 22. Rh1 Rh8 23. Rh5 Kf6 24. Re1 Kg7 25. Reh1 Raf8 26. Nbd2 Nd7 27.
Nc4 Nf6 28. R5h2 Nxe4 29. Ncxe5 Bxe5 30. Nxe5 Nxf2 31. Re1 Rf5 32. Nc6 Nd3+ 33.
cxd3 Rc5+ 34. Kd2 Rxc6 35. Re4 b3 36. Rc4 Rxc4 37. dxc4 Rb8 38. Kc3 Kg6 39. Rh1
Rb6 40. Rd1 c5 41. Rd7 Kf5 42. Rc7 Kg4 43. Rxc5 Kxg3 44. Rb5 Rc6 45. Rxb3 h5
46. Rb5 Kf4 47. b4 e5 48. Rd5 h4 49. b5 Rb6 50. Kb4 e4 51. c5 e3 52. Rd8 Re6
53. Rd1 Ke4 54. b6 e2 55. Re1 Kd5 56. b7 Re8 57. Kb5 Re3 58. Kb6 g4 59. b8=Q
Rb3+ 60. Kc7 Rxb8 61. Kxb8 Kxc5 62. Rxe2 Kd4 63. Re7 1-0

[Event "II Weekend Hotel West End"]
[Site "Alassio ITA"]
[Date "2016.10.02"]
[Round "4"]
[White "Scarrone, Eugenio"]
[Black "Scarpati, Francesco"]
[WhiteElo "1438"]
[BlackElo "1522"]
[Result "0-1"]
[PlyCount "102"]
[EventDate "2016.09.30"]

1. e4 g6 2. d4 Bg7 3. Bc4 c5 4. Nf3 cxd4 5. O-O Nc6 6. Re1 Nf6 7. e5 Ng4 8.
Bxf7+ Kxf7 9. Ng5+ Ke8 10. Qxg4 Nxe5 11. Qg3 d6 12. Qb3 Qa5 13. Bd2 Qb6 14. Qa3
Bf5 15. Ba5 Qc5 16. Qxc5 dxc5 17. Bc7 Nc6 18. Nd2 Bxc2 19. Bd6 b6 20. Nc4 Bf6
21. Ne6 Kd7 22. Bxc5 bxc5 23. Nxc5+ Kc7 24. a4 a5 25. Na3 d3 26. Nb5+ Kc8 27.
Ne4 Rd8 28. Ra3 Bxb2 29. Ra2 Bf6 30. f4 Nb4 31. Ra3 d2 32. Nxd2 Rxd2 33. g4 Bh4
34. Rc3+ Kd7 35. Rc7+ Kd8 36. Rf1 Bd3 37. Rfc1 Bf2+ 38. Kg2 Bb6+ 39. Kh3 Bxc7
40. Nxc7 Rb8 41. Ne6+ Ke8 42. Ng5 Rc2 43. Rd1 Rbc8 44. Nxh7 R8c3 45. Kh4 Rxh2+
46. Kg5 Rxh7 47. f5 gxf5 48. gxf5 Rc5 49. Kg4 Rxf5 50. Kg3 Rg7+ 51. Kh4 Rf8 0-1

[Event "II Weekend Hotel West End"]
[Site "Alassio ITA"]
[Date "2016.10.02"]
[Round "4"]
[White "Traverso, Massimiliano"]
[Black "Noli, Giovanni"]
[WhiteElo "1939"]
[BlackElo "1807"]
[Result "1/2-1/2"]
[PlyCount "63"]
[EventDate "2016.09.30"]

1. e4 c6 2. d4 d5 3. exd5 cxd5 4. c4 Nf6 5. Nc3 e6 6. Nf3 Nc6 7. cxd5 Nxd5 8.
Bd3 Bb4 9. Bd2 O-O 10. O-O Be7 11. a3 Nf6 12. Bg5 h6 13. Bh4 Nd5 14. Bg3 Nxc3
15. bxc3 Bd6 16. Ne5 Nxe5 17. dxe5 Be7 18. Qe2 g6 19. Rfd1 Qc7 20. h4 h5 21.
Qc2 Kg7 22. Be4 Rd8 23. Qb2 Rb8 24. Rab1 b6 25. Rxd8 Bxd8 26. Rd1 Bb7 27. Bxb7
Qxb7 28. Qb5 a6 29. Qd3 Be7 30. a4 Rd8 31. Qc2 Rxd1+ 32. Qxd1 1/2-1/2

[Event "II Weekend Hotel West End"]
[Site "Alassio ITA"]
[Date "2016.10.02"]
[Round "4"]
[White "Zannoni, Gianni"]
[Black "Pineau, Jean"]
[WhiteElo "1724"]
[BlackElo "1440"]
[Result "1-0"]
[PlyCount "57"]
[EventDate "2016.09.30"]

1. Nf3 f5 2. d3 Nf6 3. g3 g6 4. Bg2 Bg7 5. O-O O-O 6. Nbd2 d6 7. c3 Kh8 8. e4
fxe4 9. dxe4 e5 10. Qc2 c6 11. Nc4 b5 12. Ne3 Na6 13. Bd2 Nc5 14. Nh4 a5 15.
Rfd1 Be6 16. Be1 Ra7 17. f3 Bh6 18. Bf2 Rd7 19. b3 Bg5 20. Kh1 Bxh4 21. gxh4
Rdf7 22. Qd2 Nfxe4 23. fxe4 Rxf2 24. Qxd6 Qxh4 25. Qxc5 Qf4 26. Rf1 Bh3 27.
Rxf2 Bxg2+ 28. Rxg2 Qxe4 29. Qxf8# 1-0

[Event "II Weekend Hotel West End"]
[Site "Alassio ITA"]
[Date "2016.10.02"]
[Round "5"]
[White "Benenati, Gianfranco"]
[Black "Camagna, Ivan"]
[WhiteElo "1810"]
[BlackElo "1587"]
[Result "1-0"]
[PlyCount "61"]
[EventDate "2016.09.30"]

1. e4 c6 2. d4 d5 3. exd5 cxd5 4. c4 Nf6 5. Nc3 e6 6. Bf4 Bd6 7. Bxd6 Qxd6 8.
c5 Qe7 9. Nf3 Nc6 10. Bb5 O-O 11. Bxc6 bxc6 12. O-O Qc7 13. a3 Re8 14. Ne5 Nd7
15. f4 f6 16. Nxd7 Bxd7 17. Qh5 e5 18. fxe5 fxe5 19. Qf7+ Kh8 20. dxe5 Qc8 21.
Rae1 Be6 22. Qh5 Qc7 23. Rf2 Qe7 24. b4 a5 25. Ne2 axb4 26. axb4 Ra2 27. Ref1
Bg8 28. Nd4 Rxf2 29. Rxf2 g6 30. Qf3 Qe6 31. Nxe6 1-0

[Event "II Weekend Hotel West End"]
[Site "Alassio ITA"]
[Date "2016.10.02"]
[Round "5"]
[White "Biancotti, Alessandro"]
[Black "Roversi, Stefano"]
[WhiteElo "1855"]
[BlackElo "1762"]
[Result "1-0"]
[PlyCount "61"]
[EventDate "2016.09.30"]

1. e4 c5 2. Nf3 Nc6 3. c3 d5 4. exd5 Qxd5 5. Be2 Nf6 6. O-O e6 7. Na3 Bd6 8.
Nb5 Bb8 9. c4 Qh5 10. d4 cxd4 11. Nbxd4 O-O 12. Nxc6 bxc6 13. h3 Qa5 14. Bd2
Qc7 15. Qc2 c5 16. Bc3 Bb7 17. Rfd1 Be4 18. Qd2 Qf4 19. Ba5 Qxd2 20. Nxd2 Bb7
21. Nb3 Rc8 22. Nxc5 Bc6 23. Rd3 Be5 24. Rb3 Bxg2 25. Nd3 Bd4 26. Kxg2 Rxc4 27.
Rb4 Rac8 28. Rd1 e5 29. Rxc4 Rxc4 30. Nxe5 Ra4 31. Bc3 1-0

[Event "II Weekend Hotel West End"]
[Site "Alassio ITA"]
[Date "2016.10.02"]
[Round "5"]
[White "Cairo, Serge"]
[Black "Mercandelli, Claudio"]
[WhiteElo "1765"]
[BlackElo "1863"]
[Result "1-0"]
[PlyCount "75"]
[EventDate "2016.09.30"]

1. d4 Nf6 2. c4 g6 3. Nc3 Bg7 4. e4 d6 5. g3 O-O 6. Bg2 Nc6 7. Nge2 e5 8. d5
Nd4 9. O-O Nxe2+ 10. Qxe2 h6 11. f3 b6 12. Be3 a5 13. Rac1 Kh7 14. a3 a4 15.
Qc2 Bd7 16. Nd1 Ng8 17. f4 exf4 18. Bxf4 Qe7 19. Nf2 Rae8 20. Rce1 Bd4 21. Bd2
Qe5 22. Bc1 f5 23. Kh1 fxe4 24. Bf4 Qg7 25. Bxe4 Nf6 26. Bd3 Rxe1 27. Rxe1 Nh5
28. Be3 Re8 29. g4 Nf4 30. Ne4 Nxd3 31. Qxd3 Bxe3 32. Rxe3 Qxb2 33. g5 Re5 34.
Nf6+ Kg7 35. Rxe5 dxe5 36. Nxd7 Qc1+ 37. Kg2 Qxg5+ 38. Qg3 1-0

[Event "II Weekend Hotel West End"]
[Site "Alassio ITA"]
[Date "2016.10.02"]
[Round "5"]
[White "Coqueraut, Lodewyk"]
[Black "Del Nevo, Claudio"]
[WhiteElo "1650"]
[BlackElo "1807"]
[Result "1/2-1/2"]
[PlyCount "80"]
[EventDate "2016.09.30"]

1. d4 d6 2. Nf3 Nf6 3. Nc3 c6 4. e4 g6 5. Be2 Bg7 6. O-O O-O 7. Re1 b5 8. a3 a6
9. Bf1 Qc7 10. h3 Nbd7 11. Bg5 e5 12. dxe5 Nxe5 13. Nxe5 dxe5 14. Qf3 Nh5 15.
Rad1 f6 16. Bc1 Bb7 17. g4 Nf4 18. Be3 Ne6 19. h4 Rad8 20. Qg3 Qe7 21. Bb6 Rxd1
22. Rxd1 Nf4 23. b4 Re8 24. Bc5 Qc7 25. Ne2 g5 26. hxg5 fxg5 27. Qb3+ Kh8 28.
Ng3 Bc8 29. f3 Be6 30. Qe3 Bf8 31. Bxf8 Rxf8 32. Qc5 Re8 33. Rd6 Bd7 34. c4 Qc8
35. Nf5 Ng6 36. cxb5 cxb5 37. Qxc8 Bxc8 38. Ne3 Nf4 39. Kf2 Ne6 40. Nf5 Rd8
1/2-1/2

[Event "II Weekend Hotel West End"]
[Site "Alassio ITA"]
[Date "2016.10.02"]
[Round "5"]
[White "Cugini, Verter"]
[Black "Passerotti, Pierluigi"]
[WhiteElo "2067"]
[BlackElo "2269"]
[Result "0-1"]
[PlyCount "92"]
[EventDate "2016.09.30"]

1. e4 c5 2. g3 Nc6 3. Bg2 g6 4. Ne2 Bg7 5. O-O d6 6. Nbc3 e5 7. Nd5 Nge7 8.
Nec3 O-O 9. Nxe7+ Nxe7 10. d3 Be6 11. Bg5 f6 12. Be3 Qd7 13. Qd2 b6 14. Bh6 d5
15. Bxg7 Kxg7 16. exd5 Nxd5 17. a4 Rad8 18. a5 b5 19. Nxd5 Bxd5 20. Qe3 a6 21.
Rfd1 Qc6 22. Bxd5 Rxd5 23. b3 Rfd8 24. Qf3 b4 25. Re1 Qc7 26. Re4 R8d7 27. Rc4
Rd4 28. Qa8 Rxc4 29. bxc4 Rd6 30. Qe4 Rd8 31. f3 f5 32. Qe3 Re8 33. Kg2 Re7 34.
h4 f4 35. Qe4 fxg3 36. Kxg3 Rf7 37. Re1 Rf5 38. Kg2 Qxa5 39. Qb7+ Kh6 40. Re2
Qd8 41. Kg3 Qd4 42. Rh2 Qg1+ 43. Rg2 Qe1+ 44. Rf2 a5 45. Kg2 a4 46. Rf1 Qxh4
0-1

[Event "II Weekend Hotel West End"]
[Site "Alassio ITA"]
[Date "2016.10.02"]
[Round "5"]
[White "Delucis, Mauro"]
[Black "Zannoni, Gianni"]
[WhiteElo "1388"]
[BlackElo "1724"]
[Result "0-1"]
[PlyCount "58"]
[EventDate "2016.09.30"]

1. Nf3 d5 2. d4 Nf6 3. e3 e6 4. Bd3 Nbd7 5. O-O c5 6. c3 Bd6 7. Nbd2 Qc7 8. e4
dxe4 9. Nxe4 Nxe4 10. Bxe4 Nf6 11. Re1 Bd7 12. Bd3 cxd4 13. cxd4 h6 14. Bd2 O-O
15. Rc1 Qd8 16. h3 Bc6 17. Rxc6 bxc6 18. Qc1 Re8 19. Bxh6 gxh6 20. Qxh6 Bf8 21.
Qg5+ Bg7 22. h4 Rb8 23. h5 Nh7 24. Bxh7+ Kxh7 25. Qg4 Qf6 26. Qe4+ Qf5 27. Qxc6
Rg8 28. Re5 Bxe5 29. Nxe5 Rxb2 0-1

[Event "II Weekend Hotel West End"]
[Site "Alassio ITA"]
[Date "2016.10.02"]
[Round "5"]
[White "Gatti, Matteo"]
[Black "Picasso, Filippo"]
[WhiteElo "1347"]
[BlackElo "1474"]
[Result "0-1"]
[PlyCount "56"]
[EventDate "2016.09.30"]

1. e4 e5 2. Nf3 Nc6 3. Bc4 Nf6 4. Nxe5 d5 5. exd5 Nxd5 6. Nxf7 Kxf7 7. Qf3+ Ke6
8. Nc3 Nce7 9. Qg4+ Kd6 10. Qf3 c6 11. Ne4+ Kc7 12. Qh5 Be6 13. Qf3 Ng6 14. Ng3
Qf6 15. Qxf6 gxf6 16. O-O Ngf4 17. d3 Re8 18. Ne4 Ne2+ 19. Kh1 Nxc1 20. Raxc1
Be7 21. c3 f5 22. Ng3 h5 23. Rfe1 Bd6 24. d4 f4 25. Bxd5 Bxd5 26. Rxe8 Rxe8 27.
Nxh5 f3 28. gxf3 Bxf3+ 0-1

[Event "II Weekend Hotel West End"]
[Site "Alassio ITA"]
[Date "2016.10.02"]
[Round "5"]
[White "Grasso, Gabriele"]
[Black "Traverso, Massimiliano"]
[WhiteElo "1709"]
[BlackElo "1939"]
[Result "0-1"]
[PlyCount "96"]
[EventDate "2016.09.30"]

1. d4 Nf6 2. Nf3 e6 3. c4 Bb4+ 4. Bd2 Qe7 5. g3 Nc6 6. Nc3 d6 7. Bg2 O-O 8. O-O
e5 9. d5 Nb8 10. Qc2 Ne8 11. e4 f5 12. exf5 Bxf5 13. Ne4 Bxd2 14. Nfxd2 Nd7 15.
b4 Nef6 16. Nxf6+ Qxf6 17. Be4 Bh3 18. Bg2 Bg4 19. Ne4 Qg6 20. f3 Bf5 21. Rac1
b6 22. Qe2 a5 23. a3 axb4 24. axb4 Ra4 25. Qb2 Qh6 26. Ra1 Qe3+ 27. Kh1 Rxa1
28. Qxa1 Bxe4 29. fxe4 Rxf1+ 30. Qxf1 Nf6 31. Qf3 Qe1+ 32. Qf1 Qxf1+ 33. Bxf1
Nxe4 34. b5 Kf7 35. Kg2 h6 36. Bd3 Nc5 37. Be2 e4 38. Kf2 Kf6 39. Ke3 Ke5 40.
Bd1 Nd7 41. Bc2 Nf6 42. h3 Nh5 43. Bxe4 Nxg3 44. Bf3 Nf5+ 45. Kd3 Kf4 46. Bg4
Nh4 47. Be6 Nf3 48. c5 dxc5 0-1

[Event "II Weekend Hotel West End"]
[Site "Alassio ITA"]
[Date "2016.10.02"]
[Round "5"]
[White "Joguet, Patrick"]
[Black "Petrini, Emanuela"]
[WhiteElo "1647"]
[BlackElo "1543"]
[Result "0-1"]
[PlyCount "76"]
[EventDate "2016.09.30"]

1. d4 d5 2. c4 e6 3. Nf3 c5 4. cxd5 exd5 5. dxc5 Bxc5 6. e3 Nf6 7. Nc3 O-O 8.
Be2 Re8 9. O-O Bf5 10. Qb3 Re7 11. Rd1 Be6 12. Ng5 Nc6 13. Nxe6 fxe6 14. e4 Qb6
15. Qxb6 Bxb6 16. Bg5 Rd8 17. exd5 exd5 18. Bxf6 gxf6 19. Bf3 d4 20. Ne4 Kg7
21. Ng3 Re5 22. Rac1 d3 23. Be4 d2 24. Rc2 Ba5 25. a3 Rd4 26. f3 Ne7 27. Ne2
Rd7 28. g4 f5 29. gxf5 Nxf5 30. Nc3 Bb6+ 31. Kh1 Be3 32. Ne2 Kf6 33. Rc4 Nd6
34. Ra4 Nxe4 35. fxe4 a6 36. Rc4 Rde7 37. Ng3 Bf4 38. Nh5+ Rxh5 0-1

[Event "II Weekend Hotel West End"]
[Site "Alassio ITA"]
[Date "2016.10.02"]
[Round "5"]
[White "Manfredi, Vincenzo"]
[Black "Angelini, Marco"]
[WhiteElo "2218"]
[BlackElo "2203"]
[Result "1/2-1/2"]
[PlyCount "150"]
[EventDate "2016.09.30"]

1. d4 Nf6 2. c4 g6 3. Nc3 d5 4. Nf3 Bg7 5. e3 O-O 6. Be2 c5 7. O-O cxd4 8. exd4
Nc6 9. Re1 dxc4 10. Bxc4 Bg4 11. d5 Na5 12. Bf1 Rc8 13. h3 Bxf3 14. Qxf3 Nc4
15. Bg5 Nd6 16. Rad1 a6 17. g4 Re8 18. Re2 b5 19. Bg2 Qd7 20. Rde1 b4 21. Nb1
Nb5 22. Rd1 a5 23. Qd3 Nd6 24. Nd2 Qb5 25. Nb3 Qxd3 26. Rxd3 Nc4 27. Nd4 h6 28.
Bh4 Nb6 29. Nc6 Nfxd5 30. Bxd5 Nxd5 31. Rxd5 Rxc6 32. Rxa5 e5 33. Rb5 Rc4 34.
Bg3 f6 35. Rd2 Re7 36. b3 Rc1+ 37. Kg2 f5 38. f3 fxg4 39. hxg4 Rec7 40. Bxe5
R7c2 41. Rxc2 Rxc2+ 42. Kg3 Bxe5+ 43. Rxe5 Rxa2 44. Rb5 g5 45. Rxb4 Re2 46. Re4
Rb2 47. Re3 Rb1 48. Kf2 Rb2+ 49. Ke1 Kf7 50. Kd1 Kg6 51. Kc1 Ra2 52. Kb1 Rd2
53. b4 h5 54. gxh5+ Kxh5 55. b5 Kh4 56. b6 Rd8 57. Kc2 Kg3 58. Rb3 Rb8 59. Kd2
Kf2 60. b7 Rd8+ 61. Kc1 Rb8 62. Kc2 Ke2 63. Kb2 Kf2 64. Ka3 Ke2 65. Ka4 Kf2 66.
Ka5 Rxb7 67. Rxb7 Kxf3 68. Kb4 g4 69. Rf7+ Ke3 70. Kc3 g3 71. Re7+ Kf2 72. Rf7+
Ke3 73. Rg7 Kf2 74. Kd2 g2 75. Rf7+ Kg3 1/2-1/2

[Event "II Weekend Hotel West End"]
[Site "Alassio ITA"]
[Date "2016.10.02"]
[Round "5"]
[White "Massimillo, Angelo"]
[Black "Pivari, Flavio"]
[WhiteElo "1383"]
[BlackElo "1526"]
[Result "0-1"]
[PlyCount "54"]
[EventDate "2016.09.30"]

1. c4 Nf6 2. g3 e6 3. Bg2 c6 4. Nf3 d5 5. O-O Nbd7 6. d3 e5 7. cxd5 Nxd5 8. Bg5
f6 9. Bd2 Be7 10. Nc3 O-O 11. a3 Kh8 12. Nh4 f5 13. Nf3 h5 14. Nxd5 cxd5 15. h4
f4 16. Bb4 Bxb4 17. axb4 fxg3 18. fxg3 Qb6+ 19. Kh2 Qxb4 20. Ng5 Nf6 21. e3 Bg4
22. Bf3 Qxb2+ 23. Kh1 e4 24. dxe4 dxe4 25. Bxg4 Nxg4 26. Rxf8+ Rxf8 27. Qg1 Rf2
0-1

[Event "II Weekend Hotel West End"]
[Site "Alassio ITA"]
[Date "2016.10.02"]
[Round "5"]
[White "Montani, Riccardo"]
[Black "Delucis, Gabriele"]
[WhiteElo "1849"]
[BlackElo "1403"]
[Result "1-0"]
[PlyCount "67"]
[EventDate "2016.09.30"]

1. e4 e6 2. d4 d5 3. Nc3 dxe4 4. Nxe4 Nc6 5. Nf3 Be7 6. c3 Nf6 7. Bd3 b6 8. Qe2
Bb7 9. Bf4 Nxe4 10. Bxe4 Bd6 11. Bg5 Be7 12. Bxe7 Qxe7 13. Ne5 Nd8 14. Qb5+ Kf8
15. Bxb7 Nxb7 16. Qc6 Rd8 17. Qxb7 Qd6 18. Qxa7 f6 19. Nf3 Qc6 20. Qa3+ Kf7 21.
O-O Qe4 22. Rfe1 Qg6 23. Rad1 h5 24. d5 e5 25. Rxe5 Qh6 26. Ree1 h4 27. Qb4 Qh5
28. h3 Rxd5 29. Rxd5 Qxd5 30. Qe4 Qxe4 31. Rxe4 f5 32. Rxh4 Rxh4 33. Nxh4 Kf6
34. Nf3 1-0

[Event "II Weekend Hotel West End"]
[Site "Alassio ITA"]
[Date "2016.10.02"]
[Round "5"]
[White "Noli, Giovanni"]
[Black "Pedemonte, Claudio"]
[WhiteElo "1807"]
[BlackElo "1730"]
[Result "0-1"]
[PlyCount "62"]
[EventDate "2016.09.30"]

1. d4 d6 2. c4 e5 3. d5 f5 4. Nf3 Nf6 5. Nc3 Be7 6. g3 a5 7. Bg2 Na6 8. Bd2 Nc5
9. Be3 Nfe4 10. Nxe4 Nxe4 11. Nd2 Nxd2 12. Bxd2 O-O 13. O-O Bd7 14. Rc1 b6 15.
a3 f4 16. b4 axb4 17. Bxb4 Qe8 18. Qb3 Bg4 19. f3 Bd7 20. g4 Qg6 21. Qd3 Qh6
22. Be1 Bh4 23. Bxh4 Qxh4 24. e3 Rf6 25. exf4 Rxf4 26. Rfe1 Be8 27. Qc3 Bg6 28.
Ra1 Ra4 29. Bf1 e4 30. Qc2 exf3 31. Qf2 Rxg4+ 0-1

[Event "II Weekend Hotel West End"]
[Site "Alassio ITA"]
[Date "2016.10.02"]
[Round "5"]
[White "Novaria, Ivan"]
[Black "Abd El Gawad, Shaban"]
[WhiteElo "1769"]
[BlackElo "2019"]
[Result "0-1"]
[PlyCount "132"]
[EventDate "2016.09.30"]

1. e4 d5 2. exd5 Qxd5 3. Nc3 Qd6 4. Nf3 Bg4 5. Be2 c6 6. h3 Bh5 7. O-O Nf6 8.
d3 e6 9. a3 Nbd7 10. Be3 Qc7 11. Nd2 Bg6 12. Nde4 Nd5 13. Bd2 Be7 14. Kh1 O-O
15. f4 h6 16. g3 f5 17. Nf2 Bc5 18. Na4 Bd4 19. Rb1 a6 20. b4 b5 21. Nb2 e5 22.
c4 Ne3 23. Bxe3 Bxe3 24. fxe5 Qxe5 25. Kg2 Rad8 26. Bf3 Nb8 27. Re1 Qd4 28. Re2
Rfe8 29. Qe1 h5 30. Nfd1 Bg5 31. h4 Rxe2+ 32. Qxe2 Re8 33. Qf2 Bf6 34. Qxd4
Bxd4 35. Nf2 Bf7 36. Nh3 Bxb2 37. Rxb2 bxc4 38. dxc4 Bxc4 39. Bxh5 Re3 40. a4
Bd5+ 41. Kf2 Ra3 42. a5 Nd7 43. Ng5 Ne5 44. Be2 Kf8 45. Bxa6 Ng4+ 46. Ke1 Rxg3
47. Be2 Ne5 48. b5 cxb5 49. Rxb5 Nd3+ 50. Kd2 Nf4 51. a6 Ra3 52. Rb8+ Ke7 53.
Bb5 Kd6 54. Rf8 Kc5 55. Bf1 g6 56. Nf7 Kd4 57. Rd8 Ra2+ 58. Kc1 Ne6 59. Rc8 Nc5
60. Nh8 Nxa6 61. Nxg6 Ra1+ 62. Kd2 Rxf1 63. h5 Rh1 64. Rd8 Rh2+ 65. Ke1 Ke3 66.
Kd1 Be4 0-1

[Event "II Weekend Hotel West End"]
[Site "Alassio ITA"]
[Date "2016.10.02"]
[Round "5"]
[White "Paparella, Nicole Samantha"]
[Black "Benvenuti, Cristian"]
[WhiteElo "1646"]
[BlackElo "1686"]
[Result "1/2-1/2"]
[PlyCount "138"]
[EventDate "2016.09.30"]

1. e4 e5 2. Nf3 Nc6 3. Bb5 a6 4. Bxc6 dxc6 5. d4 exd4 6. Qxd4 Qxd4 7. Nxd4 Nf6
8. f3 Bd6 9. Be3 O-O 10. O-O Rd8 11. Nb3 b6 12. N1d2 c5 13. Rfd1 Be6 14. c3 Nd7
15. f4 f6 16. h3 Re8 17. Nc1 c4 18. Ne2 Nc5 19. Bxc5 Bxc5+ 20. Kf1 Bf7 21. Ng3
Bd6 22. Ne2 b5 23. g3 Bg6 24. f5 Bf7 25. Kg2 Rad8 26. Kf3 Bc5 27. Nf1 Kf8 28.
Ne3 Rd3 29. Rxd3 cxd3 30. Nf4 Rd8 31. b3 Ba3 32. Rd1 d2 33. Nf1 Bb2 34. Ne2
Rd3+ 35. Kf2 Bxc3 36. Nxc3 Rxc3 37. Rxd2 Ke7 38. Ke2 Rc6 39. Ne3 Rd6 40. Rc2
Kd7 41. Kf3 Rc6 42. Rd2+ Rd6 43. Rc2 c6 44. Kf4 Kc7 45. g4 Kb6 46. h4 c5 47. g5
Rd4 48. Ng4 Rd6 49. gxf6 gxf6 50. Nh6 Bh5 51. Ng8 Bf7 52. Nh6 Bh5 53. Ng4 Bxg4
54. Kxg4 Rd4 55. Re2 c4 56. bxc4 bxc4 57. Kh5 c3 58. Kh6 Rc4 59. Rc2 Kc5 60.
Kxh7 Kb4 61. h5 Rxe4 62. h6 Rg4 63. Kh8 Kc4 64. h7 Kd3 65. Rc1 Kd2 66. Rf1 c2
67. a4 c1=Q 68. Rxc1 Kxc1 69. a5 Rg3 1/2-1/2

[Event "II Weekend Hotel West End"]
[Site "Alassio ITA"]
[Date "2016.10.02"]
[Round "5"]
[White "Petrini, Alberto"]
[Black "Gardini, Enrico"]
[WhiteElo "1919"]
[BlackElo "1711"]
[Result "0-1"]
[PlyCount "90"]
[EventDate "2016.09.30"]

1. d4 Nf6 2. c4 g6 3. f3 Bg7 4. e4 d6 5. Nc3 O-O 6. Be3 e5 7. Nge2 Nbd7 8. Qd2
Re8 9. Bh6 Bh8 10. d5 b6 11. Bg5 Ba6 12. Ng3 Qe7 13. Be2 Qf8 14. O-O-O Bg7 15.
h4 h5 16. Nf1 Nh7 17. Be3 Ndf6 18. Kb1 Bc8 19. Nh2 Bd7 20. g4 Reb8 21. gxh5
Nxh5 22. Ng4 N7f6 23. Rdg1 Kh7 24. Nxf6+ Bxf6 25. Bd3 Qe7 26. Bg5 Rh8 27. Ne2
Bxg5 28. Rxg5 Qf6 29. Rf1 Nf4 30. Nxf4 Qxf4 31. Qg2 Rag8 32. Rg1 Rg7 33. h5 Be8
34. Rg4 Qe3 35. Bc2 Kg8 36. Rh4 Rh6 37. Qg3 g5 38. Re1 gxh4 39. Qxg7+ Kxg7 40.
Rxe3 Rxh5 41. Re2 h3 42. Rh2 Kf6 43. Bd1 Rh4 44. Kc2 Kg5 45. Kd2 Kf4 0-1

[Event "II Weekend Hotel West End"]
[Site "Alassio ITA"]
[Date "2016.10.02"]
[Round "5"]
[White "Petrini, Davide"]
[Black "Boasso, Andrea"]
[WhiteElo "1433"]
[BlackElo "1563"]
[Result "0-1"]
[PlyCount "60"]
[EventDate "2016.09.30"]

1. e4 e5 2. Nf3 Nc6 3. Bc4 Bc5 4. d3 h6 5. Nc3 d6 6. h3 Nf6 7. Be3 Bb6 8. O-O
O-O 9. Qd2 Be6 10. Bb3 Qd7 11. Nd5 Bxd5 12. Bxd5 Nxd5 13. exd5 Ne7 14. c4 Ng6
15. Rfe1 Bxe3 16. Rxe3 f5 17. Qb4 c6 18. Nd2 Nh4 19. Nf3 f4 20. Nxh4 fxe3 21.
fxe3 Qf7 22. Qd2 Qf6 23. Nf3 Rae8 24. e4 Qg6 25. Kh2 Rf4 26. b4 Ref8 27. b5 Qh5
28. Rf1 g5 29. g4 Qf7 30. Qe2 Rxf3 0-1

[Event "II Weekend Hotel West End"]
[Site "Alassio ITA"]
[Date "2016.10.02"]
[Round "5"]
[White "Pineau, Jean"]
[Black "Scarrone, Eugenio"]
[WhiteElo "1440"]
[BlackElo "1438"]
[Result "0-1"]
[PlyCount "90"]
[EventDate "2016.09.30"]

1. e4 e5 2. Nf3 Nc6 3. Bb5 f5 4. Nc3 fxe4 5. Nxe4 d5 6. Nxe5 dxe4 7. Nxc6 Qg5
8. Qe2 Nf6 9. g3 Bd7 10. d4 Qd5 11. c4 Qf5 12. Ne5 Bxb5 13. cxb5 Rd8 14. Qc4
Nd5 15. O-O h5 16. h4 Be7 17. Bf4 g5 18. hxg5 Bxg5 19. Bxg5 Qxg5 20. Qc1 e3 21.
Nf3 exf2+ 22. Kh2 Qxc1 23. Raxc1 Ne3 24. Rxf2 Ng4+ 25. Kg2 Nxf2 26. Kxf2 Rf8
27. Re1+ Kd7 28. Re5 Kc8 29. Ke3 Rfe8 30. a4 c6 31. Ng5 Rxe5+ 32. dxe5 cxb5 33.
axb5 Rd5 34. Ke4 Rxb5 35. Kf5 a5 36. Nf7 Rxb2 37. Kf6 Rf2+ 38. Ke6 a4 39. Nd6+
Kc7 40. Ke7 Kc6 41. e6 a3 42. Nf7 a2 43. Ne5+ Kc7 44. Ke8 a1=Q 45. e7 Qa8# 0-1

[Event "II Weekend Hotel West End"]
[Site "Alassio ITA"]
[Date "2016.10.02"]
[Round "5"]
[White "Scarpati, Francesco"]
[Black "Pino, Gianfranco"]
[WhiteElo "1522"]
[BlackElo "1853"]
[Result "0-1"]
[PlyCount "40"]
[EventDate "2016.09.30"]

1. e4 e5 2. Nf3 Nc6 3. Bb5 a6 4. Ba4 Nf6 5. O-O Be7 6. Re1 b5 7. Bb3 O-O 8. c3
d5 9. Bc2 Bb7 10. d3 Re8 11. Nbd2 Bc5 12. h3 h6 13. Nf1 d4 14. Ng3 dxc3 15.
bxc3 Bc8 16. Bb2 Be6 17. a3 Bb6 18. Nh4 Ng4 19. hxg4 Qxh4 20. Qd2 Qxg3 0-1

[Event "II Weekend Hotel West End"]
[Site "Alassio ITA"]
[Date "2016.10.02"]
[Round "5"]
[White "Ustianovich, Nazar"]
[Black "Caputi, Giuliano"]
[WhiteElo "2316"]
[BlackElo "1834"]
[Result "1-0"]
[PlyCount "23"]
[EventDate "2016.09.30"]

1. Nf3 d5 2. d4 e6 3. g3 Bd6 4. Bg2 c5 5. O-O Nc6 6. c4 cxd4 7. Nxd4 e5 8. Nxc6
bxc6 9. cxd5 cxd5 10. Nc3 Nf6 11. Nxd5 Nxd5 12. Bxd5 {...} 1-0